| 000 | 05709cam a22018254i 4500 | ||
|---|---|---|---|
| 003 | PE-LiUPU | ||
| 005 | 20250813165918.0 | ||
| 008 | 150706s r 000 0 d | ||
| 035 | _a(Sirsi) a52384 | ||
| 040 |
_aPE-LiUPU _bspa _cPE-LiUPU _erda |
||
| 049 | _aPRUA | ||
| 082 | 0 | 4 |
_a624.13 _bL83 _221 |
| 245 | 0 | 1 |
_aIngeniería del terreno : _bingeoter 4 / _cFerran Biosca Gómes de Tejada. [et al.] ; [editor, Carlos López Jimeno]. |
| 264 | 1 |
_aMadrid : _bE.T.S.I. Minas, Universidad Politécnica de Madrid, _c2004. |
|
| 300 |
_a447 páginas : _bilustraciones ; _c24 cm. |
||
| 336 |
_atext _2rdacontent |
||
| 337 |
_aunmediated _2rdamedia |
||
| 338 |
_avolume _2rdacarrier |
||
| 504 | _aIncluye bibliografía al final de cada capítulo. | ||
| 505 | 0 | _aEnsayos geotécnicos in situ. Parte 4. Ensayo presiométrico Ménard y ensayo Vante test -- Efectos escala en las propiedades resistentes de las rocas -- Determinación de los parámetros de corte equivalentes en macizos rocosos a través del criterio empírico de Hoek y Brown, y su aplicación en la estabilidad de taludes -- Métodos geofísicos para estudios del terreno -- Asientos admisibles de estructuras -- Asentamientos y daños provocados por vibraciones inducidas por la construcción -- Tipos de rotura en laderas y taludes -- Actuaciones de estabilización en la Ctra. M-209 en Villar del Olmo (Madrid) -- Refuerzo y mejora del terreno para la estabilización del deslizamiento en el acceso a Alfacar. Granada -- Casos geotécnicos en conservación de carreteras -- Empleo de muros verdes como sistemas de contención en obras de ingeniería civil -- Análisis experimental de la compactación dinámica profunda en suelos arenosos. Aplicación a la mejora de terrenos -- Aplicaciones del jet grouting en terrenos singulares: morrenas glaciares, rellenos heterogéneos y otros -- Pantallas de pilotes secantes -- La ejecución de pantallas tradicionales en terrenos con intrusiones rocosas -- Mejora del terreno en el enlace M-50 con la M-511 en Boadilla del Monte (Madrid), mediante columnas de grava -- La técnica de inyecciones armadas aplicada a la ejecución de sótanos bajo edificaciones existentes -- Diseño de un sistema de protección estático-dinámico frente a desprendimientos de bloques rocosos. | |
| 526 | _aP203 | ||
| 526 | _aP200 | ||
| 526 | _aSEG65 | ||
| 526 | _aSEG64 | ||
| 526 | _aSEG63 | ||
| 526 | _aSEG62 | ||
| 526 | _aSEG61 | ||
| 526 | _aSEG60 | ||
| 526 | _aSEG59 | ||
| 526 | _aSEG58 | ||
| 526 | _aSEG57 | ||
| 526 | _aSEG56 | ||
| 526 | _aSEG55 | ||
| 526 | _aSEG54 | ||
| 526 | _aSEG53 | ||
| 526 | _aSEG52 | ||
| 526 | _aSEG51 | ||
| 526 | _aSEG50 | ||
| 526 | _aSEG49 | ||
| 526 | _aSEG48 | ||
| 526 | _aSEG47 | ||
| 526 | _aSEG46 | ||
| 526 | _aSEG24 | ||
| 526 | _aSEG23 | ||
| 526 | _aSEG22 | ||
| 526 | _aSEG21 | ||
| 526 | _aSEG20 | ||
| 526 | _aSEG19 | ||
| 526 | _aSEG18 | ||
| 526 | _aSEG17 | ||
| 526 | _aSEG16 | ||
| 526 | _aSEG14 | ||
| 526 | _aSEG13 | ||
| 526 | _aSEG12 | ||
| 526 | _aSEG11 | ||
| 526 | _aSEG10 | ||
| 526 | _aSEG09 | ||
| 526 | _aSEG06 | ||
| 526 | _aSEG05 | ||
| 526 | _aSEG04 | ||
| 526 | _aSEG03 | ||
| 526 | _aSEG02 | ||
| 526 | _aSEG68 | ||
| 526 | _aSEG66 | ||
| 526 | _aSEG45 | ||
| 526 | _aSEG25 | ||
| 526 | _aSEG01 | ||
| 526 | _aP163 | ||
| 526 | _aP162 | ||
| 526 | _aP161 | ||
| 526 | _aP160 | ||
| 526 | _aP159 | ||
| 526 | _aP158 | ||
| 526 | _aP157 | ||
| 526 | _aP156 | ||
| 526 | _aP155 | ||
| 526 | _aP154 | ||
| 526 | _aP153 | ||
| 526 | _aP152 | ||
| 526 | _aP151 | ||
| 526 | _aP150 | ||
| 526 | _aP149 | ||
| 526 | _aP142 | ||
| 526 | _aP141 | ||
| 526 | _aP140 | ||
| 526 | _aP139 | ||
| 526 | _aP138 | ||
| 526 | _aP137 | ||
| 526 | _aP132 | ||
| 526 | _aP131 | ||
| 526 | _aP130 | ||
| 526 | _aP126 | ||
| 526 | _aP125 | ||
| 526 | _aP124 | ||
| 526 | _aP123 | ||
| 526 | _aP115 | ||
| 526 | _aP122 | ||
| 526 | _aP121 | ||
| 526 | _aP116 | ||
| 526 | _a P114 | ||
| 526 | _aP112 | ||
| 526 | _aP111 | ||
| 526 | _aP104 | ||
| 526 | _aP103 | ||
| 526 | _aP102 | ||
| 526 | _aP101 | ||
| 526 | _aP100 | ||
| 526 | _aP96 | ||
| 526 | _aP95 | ||
| 526 | _aP93 | ||
| 526 | _aP92 | ||
| 526 | _aP91 | ||
| 526 | _aP88 | ||
| 526 | _aP83 | ||
| 526 | _aP82 | ||
| 526 | _aP79 | ||
| 526 | _aP78 | ||
| 526 | _aP75 | ||
| 526 | _aP74 | ||
| 526 | _aP71 | ||
| 526 | _aP69 | ||
| 526 | _a P51 | ||
| 526 | _aP49 | ||
| 526 | _aP48 | ||
| 526 | _aP47 | ||
| 526 | _aP33 | ||
| 526 | _aP31 | ||
| 526 | _a P30 | ||
| 526 | _aP29 | ||
| 526 | _aP27 | ||
| 526 | _aP26 | ||
| 526 | _aP25 | ||
| 526 | _aP24 | ||
| 526 | _a P22 | ||
| 526 | _aP10 | ||
| 526 | _aP09 | ||
| 526 | _a P08 | ||
| 526 | _aP06 | ||
| 526 | _aP05 | ||
| 526 | _aP04 | ||
| 526 | _aP01 | ||
| 541 | _g015-001535; | ||
| 650 | 0 | 4 | _aGeotecnia. |
| 650 | 0 | 4 | _aGeología aplicada. |
| 700 | 1 | _aBiosca Gómes de Tejada, Ferran | |
| 710 | 2 |
_aEscuela Técnica Superior de Ingenieros de Minas.Universidad Politécnica de Madrid. _bEscuela Técnica Superior de Ingenieros de Minas |
|
| 700 | 1 |
_aBolaño, Victor, _eautor. |
|
| 700 | 1 |
_aLópez Jimeno, Carlos, _eed. |
|
| 910 | _a | ||
| 942 |
_2ddc _cBOOK |
||
| 949 |
_a624.13 L83 4 _wDEWEY _c1 _i67324 _lCCODEBUL1 _mBUL _p58.00 _r0 _sY _tLIBRO _u2015-07-06 _xINGENIERIA _PP25 _o.STAFF. Colección General |
||
| 994 |
_aC0 _bPEPRU |
||
| 596 | _a1 | ||
| 999 |
_a624.13 L83 4 _wDEWEY _c54989 _i67324 _d54989 _e2019-5-12 _f2021-11-5 _g7 _lCCODEBUL1 _mBUL _n1 _p58.00 _r0 _sY _tBOOK _u2015-7-6 _xBIBLIOTECA _PP25 _0COMPRA _o.STAFF. Colección General |
||
| 980 |
_81 _gALBERTO SANCHEZ Responsable de Automatización |
||